Kam odchádza divák (k premene úlohy televízie a masových médií v spoločnosti)

Salvato in:
Dettagli Bibliografici
Autore principale: Štefancová, Viera
Altri autori: Mistrík, Erich, Orban, Karol
Natura: Libro
Lingua:slovacco
Pubblicazione: Nitra Filozofická fakulta Univerzity Konštantína Filozofa v Nitre 2016
Edizione:1. vyd.
Soggetti:
Tags: Aggiungi Tag
Nessun Tag, puoi essere il primo ad aggiungerne!!

MARC

LEADER 00000nam a2200000 4500
001 0224125
005 20240502073652.9
020 |a 978-80-558-1042-3 
041 0 |a slo 
044 |a SK 
245 1 0 |a Kam odchádza divák  |b (k premene úlohy televízie a masových médií v spoločnosti)  |c Viera Štefancová ; recenzenti: Erich Mistrík, Karol Orban 
250 |a 1. vyd. 
264 1 |a Nitra  |b Filozofická fakulta Univerzity Konštantína Filozofa v Nitre  |c 2016 
300 |a 211 s. [10,55 AH] 
610 2 0 |a médiá 
610 2 0 |a médiá sociálne 
610 2 0 |a prostriedky masovokomunikačné 
610 2 0 |a televízia 
610 2 0 |a reklama 
610 2 0 |a internet 
100 1 |a Štefancová, Viera 
700 1 |a Mistrík, Erich 
700 1 |a Orban, Karol